Making virtuous daughters and wives (Record no. 107846)
[ view plain ]
| 000 -LEADER | |
|---|---|
| fixed length control field | 01554nam a2200385Ia 4500 |
| 082 04 - DEWEY DECIMAL CLASSIFICATION NUMBER | |
| Classification number | 294.5/38 |
| 100 1# - MAIN ENTRY--AUTHOR NAME | |
| Personal name | McDaniel, June. |
| 245 10 - TITLE STATEMENT | |
| Title | Making virtuous daughters and wives |
| 260 ## - PUBLICATION, DISTRIBUTION, ETC. (IMPRINT) | |
| Place of publication | New York : |
| Name of publisher | State University of New York Press, |
| Year of publication | c2003. |
| 300 ## - PHYSICAL DESCRIPTION | |
| Number of Pages | xii, 131 p. |
| 650 #0 - SUBJECT ADDED ENTRY--TOPICAL TERM | |
| Topical Term | Vratas. |
| Topical Term | Hinduism |
| Topical Term | Bengali (South Asian people) |
| Topical Term | Folklore |
| Topical Term | Hindu women |
| 856 40 - ELECTRONIC LOCATION AND ACCESS | |
| Uniform Resource Identifier | http://site.ebrary.com/lib/rucke/Doc?id=10587106 |
No items available.
